banner-ar

تسعير خدمات الموانئ البحرية / (Record no. 67076)

MARC details
000 -الفاتح
حقل البيانات ثابتة الطول 01139nam a22002897a 4500
005 - وقت وتاريخ اخر تعامل مع التسجيلة
رقم الضبط 20240530110955.0
008 - عناصر البيانات ثابتة الطول - معلومات عامة
حقل البيانات ثابتة الطول 221114s20072021ua ak g 000 0 ara d
020 ## - الرقم الدولى المعيارى للكتب
الرقم الدولى المعيارى للكتاب 9773372510
040 ## - مصدر الفهرسة
وكالة الفهرسة الأصلية EG-CaGPL
وكالة النسخ EG-CaGPL
082 04 - رقم تصنيف ديوى العشرى
رقم الطبعة 21
رقم التصنيف 657.42 /
رقم المادة ص ت
100 0# - المدخل الرئيسى - إسم شخصى
الإسم الشخصى صلاح اسماعيل حسن
245 10 - بيان العنوان
العنوان تسعير خدمات الموانئ البحرية /
بيان المسئوليه,etc تاليف صلاح اسماعيل حسن ؛ مشرف عبدالرحمن توفيق
250 ## - بيان الطبعة
بيان الطبعة ط.1
260 ## - PUBLICATION, DISTRIBUTION, ETC. (IMPRINT)
تاريخ النشر أو التوزيع 2006.
300 ## - الوصف المادى
التعداد 279 ص. :
تفاصيل ماديه اخرى للوعاء ايض ؛
أبعاد الوعاء 24 سم +
490 ## - بيان السلسلة
عنوان السلسلة سلسلة اصدرات بميك
رقم المجلد/ التعيين التسلسلي ( 79 )
650 07 - المدخل الاضافى بالموضوع-مصطلح موضوعى
مصدر الرأس أو المصطلح qrmak
مصطلح موضوعي التجارة البحرية
650 07 - المدخل الاضافى بالموضوع-مصطلح موضوعى
مصدر الرأس أو المصطلح qrmak
مصطلح موضوعي الموانئ
650 07 - المدخل الاضافى بالموضوع-مصطلح موضوعى
مصدر الرأس أو المصطلح qrmak
مصطلح موضوعي السفن التجارية
650 07 - المدخل الاضافى بالموضوع-مصطلح موضوعى
مصدر الرأس أو المصطلح qrmak
مصطلح موضوعي الرسوم الجمركية
650 07 - المدخل الاضافى بالموضوع-مصطلح موضوعى
مصدر الرأس أو المصطلح qrmak
مصطلح موضوعي الشحن البحرى
651 ## - المدخل الاضافى بالموضوع - اسم جغرافى
مصدر الرأس أو المصطلح qrmak
الاسم الجغرافي مصر
653 0# - مصطلح تكشيفى غير مقيد
مصطلح غير مقيد الموانئ - تنافس
700 ## - المدخل الاضافى - اسم شخصى
الإسم الشخصى عبدالرحمن توفيق
الدور مشرف علمى
942 ## - عناصر المدخل الإضافي( كوها)
مصدر التصنيف او مخطط الترفيف Dewey Decimal Classification
Koha [default] item type كتاب
260 ## - PUBLICATION, DISTRIBUTION, ETC. (IMPRINT)
-- القاهرة :
-- مركز الخبرات المهنية للادارة (ببميك) ،
Holdings
حالة التراجع حالة الفقد حالة تلف ليس للاعارة المكان المؤقت الموقع الحالى موقع الترفيف تاريخ الاكتساب اجمالي اﻻعارات رقم الطلب الباركود تاريخ اخر مشاهدة تاريخ تفعيل السعر نوع وعاء كوها
        مكتبة القاهرة الكبرى مكتبة القاهرة الكبرى ق الرئيسية_الإدارة_ك عربى 12/28/2022   657.42 / ص ت 169102 12/28/2022 12/28/2022 كتاب

Powered By

EGPV